Statistics for Top 10 Juventus F.C. Goalscorers

Click here to take the quiz!

General Stats

  • This quiz has been taken 688 times
  • The average score is 3 of 10

Answer Stats

Place Players # Goals % Correct
1Alessandro Del Piero285
99%
4David Trézéguet171
73%
9Roberto Baggio115
45%
2Giampiero Boniperti182
33%
5Omar Sivori167
29%
3Roberto Bettega178
22%
6Felice Placido Borel II157
8%
7Pietro Anastasi131
8%
8John Hansen124
5%
10Federico Munerati114
2%

Score Distribution

Percentile by Number Answered

Percent of People with Each Score

Your Score History

You have not taken this quiz